00549cam a2200181M 450000500170000000800410001702000180005804000490007604100080012510000230013324500470015626000680020330000120027150000210028365000170030465000160032165000300033720140903175011.0111215s2011 enk frN 001 0 eng d a9781473302631 aCO-BoUCMbspacJavier GarzóndHenry Ríos00aeng1 aCollingwood, R. G.10aAn Essay on MetaphysicscR. G. Collingwood aOxford (Oxfordshire, Inglaterra)bOxford University Pressc2011 ax, 349  aIncluye índice 7aMetafísica 7aOntología 7aTeoría del conocimiento